LIBRARY & INFORMATION CENTRE, KCAET, TAVANUR

ONLINE PUBLIC ACCESS CATALOGUE (OPAC)

MODIFICATION AND EVALUATION OF JACK FRUIT SEED PEELER (Record no. 17724)

MARC details
000 -LEADER
fixed length control field 00464nam a22001577a 4500
003 - CONTROL NUMBER IDENTIFIER
control field OSt
082 ## - DEWEY DECIMAL CLASSIFICATION NUMBER
Classification number 664
Item number ABH/MO
088 ## - REPORT NUMBER
Report number 585
100 ## - MAIN ENTRY--AUTHOR NAME
Personal name ABHISHIKTH ALBY
-- ALEENA SUNIL
-- ANAMIKA KRISHNAN
-- MANYA MANOJ
245 ## - TITLE STATEMENT
Title MODIFICATION AND EVALUATION OF JACK FRUIT SEED PEELER
260 ## - PUBLICATION, DISTRIBUTION, ETC. (IMPRINT)
Place of publication TAVANUR
Name of publisher DEPARTMENT OF PROCESSING AND FOOD ENGINEERING
Year of publication 2023
300 ## - PHYSICAL DESCRIPTION
Number of Pages 88
700 ## - ADDED ENTRY--PERSONAL NAME
Personal name RAJESH G K (Guide),
700 ## - ADDED ENTRY--PERSONAL NAME
Personal name ANJALY M G (Guide)
942 ## - ADDED ENTRY ELEMENTS (KOHA)
Koha item type Project Report
Holdings
Collection code Home library Current library Full call number Accession Number Koha item type
Reference KAUAET KAUAET 664 ABH/MO P 585 Project Report
free website counter